| 000 | 00672nam a2200181 i 4500 | ||
|---|---|---|---|
| 001 | 182320 | ||
| 003 | ES-MaACL | ||
| 005 | 20230906221600.0 | ||
| 008 | 130801s2010 sp |||| | spa d | ||
| 100 | 1 |
_aDelibes, Miguel, _d1920-2010 _943505 |
|
| 245 | 1 | 3 |
_aEl camino _b: facsímil del original autógrafo (capítulo I) / _cMIguel Delibes. |
| 250 | _aEdición no venal. | ||
| 260 |
_aBarcelona : _bDestino, _c2010. |
||
| 300 |
_a11 p. ; _c21 cm. |
||
| 500 | _aEn port.: Homenaje de la Real Academia Española a Miguel Delibes. Día de la Fundación pro Real Academia Española, 15 de abril de 2010. | ||
| 852 |
_aES-MaACL _j2317-F-22 |
||
| 999 |
_c182320 _d182320 |
||